000 00221 a2200097 4500
001 36623
100 _a
245 _aThe award compact dictionary
260 _aHungry
_bAward publication London
_c
090 _c23673
_d23673
942 _aNUST-CAE
_cM
_c15195
999 _c271696
_d271696